Νικηφόρος Λύτρας : ο πατριάρχης της νεοελληνικής ζωγραφικής

Αποθηκεύτηκε σε:
Λεπτομέρειες βιβλιογραφικής εγγραφής
Κύριος συγγραφέας: Καιροφύλας, Γιάννης, 1927-
Μορφή: Βιβλίο
Γλώσσα:Greek
Δημοσίευση: Αθήνα : Φιλιππότης, 1989.
Σειρά:Μυθιστορηματικές βιογραφίες (Φιλιππότης) 5
Θέματα:
Ετικέτες: Προσθήκη ετικέτας
Δεν υπάρχουν, Καταχωρήστε ετικέτα πρώτοι!

MARC

LEADER 00000cam a2200000 i 4500
001 1/81787
008 970304s1989 gr | ||| |||| ||gre||
035 |a 1989  |b 2  |c Δωρεά  |l 10033778 
040 |a GR-MyUa  |b gre  |e AACR2 
041 0 |a gre 
082 7 |a 759.9495   |2 (22) 
100 1 |a Καιροφύλας, Γιάννης,   |d 1927- 
245 1 0 |a Νικηφόρος Λύτρας :   |b ο πατριάρχης της νεοελληνικής ζωγραφικής /   |c Γιάννη Καιροφύλα. 
260 |a Αθήνα :   |b Φιλιππότης,   |c 1989. 
300 |a 64 σ. ;   |c 21 εκ. 
490 1 |a (Μυθιστορηματικές βιογραφίες ;   |v 5) 
600 1 0 |a Λύτρας, Νικηφόρος,   |d 1832-1904. 
650 0 0 |a Painters  |z Greece. 
830 0 |a Μυθιστορηματικές βιογραφίες (Φιλιππότης)  |v 5 
852 |a INST  |b RHODES  |e 19970304  |h 759.9495 ΚΑΙ  |p 005400010349  |q 005400010349  |t BK  |y 0 
970 |z 2000/07/ΚΑΤΕΡΙΝΑ